Zelený marketing na Slovensku bakalárska práca

Salvato in:
Dettagli Bibliografici
Autore principale: Jurikovičová, Elizabeth
Ente Autore: Fakulta podnikového manažmentu EU. Katedra podnikovohospodárska
Altri autori: Pusztiová, Lea, 1994-
Natura: Libro
Lingua:slovacco
Pubblicazione: Bratislava 2022
Tags: Aggiungi Tag
Nessun Tag, puoi essere il primo ad aggiungerne!!

MARC

LEADER 00000nbm a2200000 4500
001 0285554
005 20230215115918.3
041 0 |a slo 
044 |a SK 
245 1 0 |a Zelený marketing na Slovensku  |b bakalárska práca  |c Elizabeth Jurikovičová ; školiteľ: Lea Pusztiová 
264 1 |a Bratislava  |c 2022 
300 |a 52 s. 
100 1 |a Jurikovičová, Elizabeth 
700 1 |a Pusztiová, Lea, 1994- 
710 2 |a Fakulta podnikového manažmentu EU. Katedra podnikovohospodárska